000 00495nam a22001937a 4500
003 MPLRDC
005 20220104123933.0
008 210129b ||||| |||| 00| 0 eng d
020 _a7-5363-0747-0
082 _a046 ZWWZ v.4
100 _a郭鸿、柯生主编
245 _a五洲奇趣
_c
250 _a一版一刷
260 _a
_b广西民族出版社
_c1990
300 _b
490 _a中外文摘精选. 4
650 _a类书; 百科全书--杂录
942 _cBK
_o046 ZWWZ v.4
999 _c15362
_d15352